Southville International School and Colleges
Your cart is empty.
  • Cart
  • Lists
    Public lists Eva Luna New books Lux_list list_1
    Your lists Log in to create your own lists
  • Log in to your account
  • Your cookies
  • Search history
Southville International School and Colleges
  • Advanced search
  • Recent comments
  • Most popular
  • Libraries

Log in to your account

Log in with GOOGLE


If you do not have an external account, but do have a local account, you can still log in:

  1. Home
  2. MARC view: The Case of the missing keys/
Normal view MARC view ISBD view

The Case of the missing keys/ (Record no. 361491)

[ view plain ]
MARC details
000 -LEADER
fixed length control field 00493nam a2200181Ia 4500
008 - FIXED-LENGTH DATA ELEMENTS--GENERAL INFORMATION
fixed length control field 190423s9999 xx 000 0 und d
100 ## - MAIN ENTRY--PERSONAL NAME
Personal name Moller, David
245 #4 - TITLE STATEMENT
Title The Case of the missing keys/
245 ## - TITLE STATEMENT
Statement of responsibility, etc David Moller
260 ## - PUBLICATION, DISTRIBUTION, ETC. (IMPRINT)
Name of publisher, distributor, etc Reader's Digest Asia
260 ## - PUBLICATION, DISTRIBUTION, ETC. (IMPRINT)
Date of publication, distribution, etc 2019
300 ## - PHYSICAL DESCRIPTION
Extent Pages 68-76, January 2019
440 ## - SERIES STATEMENT/ADDED ENTRY--TITLE
Title Asia Reader's Digest: Classic Reads
Volume number/sequential designation 115:671
650 ## - SUBJECT ADDED ENTRY--TOPICAL TERM
Topical term or geographic name as entry element British criminal history
650 ## - SUBJECT ADDED ENTRY--TOPICAL TERM
Topical term or geographic name as entry element Crime
650 ## - SUBJECT ADDED ENTRY--TOPICAL TERM
Topical term or geographic name as entry element Investigation
650 ## - SUBJECT ADDED ENTRY--TOPICAL TERM
Topical term or geographic name as entry element Mystery
Holdings
Withdrawn status Lost status Damaged status Home library Current library Date acquired Total Checkouts Date last seen Price effective from Koha item type
          04/23/2019   04/23/2019 04/23/2019 Periodicals

The Case of the missing keys/

APA

Moller D., .The Case of the missing keys. : Reader's Digest Asia.

Chicago

Moller David, .The Case of the missing keys. : Reader's Digest Asia.

Harvard

Moller D., .The Case of the missing keys. : Reader's Digest Asia.

MLA

Moller David, .: Reader's Digest Asia. .

  • Place hold
  • Print
  • Cite
  • Add to your cart (remove)
  • Save record
    BIBTEX Dublin Core MARCXML MARC (non-Unicode/MARC-8) MARC (Unicode/UTF-8) MARC (Unicode/UTF-8, Standard) MODS (XML) RIS
  • More searches
    Search for this title in:
    Other Libraries (WorldCat) Other Databases (Google Scholar) Online Stores (Bookfinder.com) Open Library (openlibrary.org)

Exporting to Dublin Core...

SOUTHVILLE LIBRARY

Southville International School and Colleges Library

1281 Tropical Ave. Cor. Luxembourg St., BF Homes International, Las Pinas City

Tel. No. 8256374 / 252358 Loc. 117/146

Powered by Koha